000
00275nam a22001097a 4500
082
_a
340
100
_a
Arora,Manish
_9
81489
245
_a
Universal Guide To CLAT & LLB Entrance Examination - 2022
260
_a
Haryana
_b
Uni. Lexis Nexis
_c
2022
650
_a
Law
942
_c
BK
999
_c
65504
_d
65504